| 000 | 00566nam a22002177a 4500 | ||
|---|---|---|---|
| 999 |
_c6835 _d6835 |
||
| 003 | OSt | ||
| 005 | 20210322120631.0 | ||
| 008 | 210322b ||||| |||| 00| 0 eng d | ||
| 020 | _a0412574500 | ||
| 040 | _cDDC | ||
| 082 | _a631 RIC 1997 | ||
| 100 |
_aRichards, A. J. _914012 |
||
| 245 | _aPlant Breeding Systems | ||
| 250 | _a2nd ed. | ||
| 260 | _aLondon; Chapman & Hall, 1997 | ||
| 300 | _axii,527p; Ill: 23.5cm | ||
| 504 | _aAppendix, references, & index included | ||
| 650 |
_aPlant breeding _914013 |
||
| 650 |
_aAgriculture _94591 |
||
| 942 |
_2z _cO_SHELF |
||